L'Homme. Notions D'Anatomie et Physiologie
Salvato in:
| Autore principale: | |
|---|---|
| Natura: | Libro |
| Lingua: | francese |
| Pubblicazione: |
París
Lausanne Payot
1901
|
| Soggetti: | |
| Tags: |
Aggiungi Tag
Nessun Tag, puoi essere il primo ad aggiungerne!!
|
MARC
| LEADER | 00000nam a2200000 a 4500 | ||
|---|---|---|---|
| 001 | UCG5713 | ||
| 003 | CL-VaPUC | ||
| 008 | 110317e19010000FR |||||||||||||||||fre|d | ||
| 082 | 0 | 4 | |a 612 |b BLA |2 21 |
| 100 | 0 | |a Blanc, Henri |e author |9 555458 | |
| 245 | 1 | 2 | |a L'Homme. Notions D'Anatomie et Physiologie |
| 300 | |a 189 p | ||
| 942 | |c BK | ||
| 945 | |d 20110317 00:00:00 |a jcampos | ||
| 260 | |a París |b Lausanne Payot |c 1901 | ||
| 650 | 0 | |a Anatomía |9 261202 | |
| 650 | 7 | |a FISIOLOGIA |2 CL-VaPUC |9 555459 | |
| 650 | 7 | |a CEBRERO |2 CL-VaPUC |9 554114 | |
| 650 | 0 | |a Sistema nervioso |9 266815 | |
| 650 | 7 | |a SISTEMA MUSCULAR |2 CL-VaPUC |9 269682 | |
| 583 | |a last modification |c 20110317 00:00:00 |k Rodrigo Vera | ||
| 999 | |c 344095 |d 344093 | ||
| 952 | |0 0 |1 0 |4 0 |6 612_000000000000000_BLA_1901 |7 0 |8 X |9 441886 |a FDOBUD |b FDOBUD |d 2019-11-22 |i 4737350 |o 612 BLA 1901 |p 4737350 |r 2019-11-22 |w 2019-11-22 |y BK_X |k BUD | ||